| 000 | 00357nam a22001457a 4500 | ||
|---|---|---|---|
| 003 | OSt | ||
| 005 | 20230614043723.0 | ||
| 008 | 220727b xxu||||| |||| 00| 0 eng d | ||
| 040 | _cIIMT UNIVERSITY | ||
| 100 | _aGEETA PRESS GORAKHPUR | ||
| 245 | _aSHRI DURGA SAPTSHATI SACHITR | ||
| 260 |
_aGORAKHPUR _bGEETA PRESS _c2016 |
||
| 300 | _a237 | ||
| 942 |
_2ddc _c09 |
||
| 999 |
_c53873 _d53873 |
||